[Event "AUTO-OPEN-3985"]
[Site "http://www.queenalice.com/game.php?id=1546479"]
[Date "2018.10.20"]
[Round "1"]
[White "Gera"]
[Black "Piotr70"]
[Result "1-0"]
[WhiteElo "2016"]
[BlackElo "1515"]

1. e4 e5 2. Nf3 Nc6 3. Bb5 Nf6 4. O-O a6 5. Bxc6 dxc6 6. d3 Bg4 7. Be3 Bd6 8.
Nbd2 O-O 9. c3 Bxf3 10. Nxf3 b6 11. Qc2 h6 12. Rad1 Ng4 13. Bc1 Qf6 14. h3 Nxf2
15. Rxf2 a5 16. Rdf1 c5 17. b3 b5 18. Bb2 a4 19. c4 axb3 20. Qxb3 b4 21. Nxe5
1-0

[Event "AUTO-OPEN-3985"]
[Site "http://www.queenalice.com/game.php?id=1546480"]
[Date "2018.10.20"]
[Round "1"]
[White "Piotr70"]
[Black "mitsho"]
[Result "0-1"]
[WhiteElo "1484"]
[BlackElo "1590"]

1. e4 e5 2. Nc3 Nf6 3. Nf3 Nc6 4. Bb5 Bc5 5. Bxc6 bxc6 6. O-O Ba6 7. d3 d5 8.
Re1 O-O 9. Bg5 dxe4 10. dxe4 h6 11. Bxf6 Qxf6 12. Qd7 Bb6 13. h3 Rad8 14. Qf5
Rd6 15. Rad1 g6 16. Rxd6 Qxd6 17. Qxe5 Bc4 0-1

[Event "AUTO-OPEN-3985"]
[Site "http://www.queenalice.com/game.php?id=1546481"]
[Date "2018.10.20"]
[Round "1"]
[White "mitsho"]
[Black "Piotr70"]
[Result "1-0"]
[WhiteElo "1577"]
[BlackElo "1497"]

1. d4 e6 2. c4 Nf6 3. Nf3 Nc6 4. e3 Bb4+ 5. Bd2 d5 6. cxd5 exd5 7. Bb5 O-O 8.
O-O a6 9. Bxc6 Bxd2 10. Nbxd2 bxc6 11. Ne5 Bb7 12. Rc1 Ne4 13. Nxc6 Bxc6 14.
Rxc6 Nxd2 15. Qxd2 h6 16. f4 Re8 17. f5 Qd7 18. Qc3 Reb8 19. Rxc7 1-0

[Event "AUTO-OPEN-3985"]
[Site "http://www.queenalice.com/game.php?id=1546482"]
[Date "2018.10.20"]
[Round "1"]
[White "Piotr70"]
[Black "Donidon"]
[Result "1-0"]
[WhiteElo "1485"]
[BlackElo "2332"]

1. e4 e5 2. Nc3 Nf6 3. Nf3 Nc6 4. Bb5 d6 5. O-O Be7 6. Bxc6+ bxc6 7. d3 O-O 8.
Bg5 h6 9. Bxf6 Bxf6 10. g3 Bh3 11. Re1 a5 12. a4 Rb8 13. b3 Bg4 14. h3 Bxh3 15.
d4 exd4 16. Ne2 d3 17. e5 dxe2 18. Rxe2 1-0

[Event "AUTO-OPEN-3985"]
[Site "http://www.queenalice.com/game.php?id=1546483"]
[Date "2018.10.20"]
[Round "1"]
[White "Donidon"]
[Black "Piotr70"]
[Result "0-1"]
[WhiteElo "2355"]
[BlackElo "1455"]

1. d4 e6 2. e4 Nc6 3. c4 Nf6 4. Nc3 Bb4 5. Bg5 O-O 6. Nf3 d6 7. Bd3 e5 8. d5 Nd4
9. O-O h6 10. Bh4 c6 11. Nxd4 Bg4 12. Nf3 Bxc3 13. bxc3 Bxf3 14. Qxf3 cxd5 15.
Bxf6 gxf6 16. exd5 f5 17. Qxf5 e4 0-1

[Event "AUTO-INT-3564"]
[Site "http://www.queenalice.com/game.php?id=1620900"]
[Date "2020.7.19"]
[Round "1"]
[White "jeffcom2f"]
[Black "Piotr70"]
[Result "1-0"]
[WhiteElo "1688"]
[BlackElo "1495"]

1. e4 e5 2. Nc3 Nc6 3. d4 exd4 4. Nd5 Nf6 5. Nxf6+ Qxf6 6. Nf3 Bb4+ 7. Bd2 O-O
8. Bxb4 Nxb4 9. e5 Qf4 10. a3 Qe4+ 11. Qe2 Nxc2+ 12. Kd1 Qxe2+ 13. Bxe2 Nxa1 14.
Nxd4 d6 15. exd6 cxd6 16. Kd2 Nc2 17. Nxc2 Bf5 18. Ne3 Rac8 19. Nxf5 Rc5 20.
Ne7+ Kh8 21. Bd3 Re8 22. Nf5 g6 23. Nxd6 Re7 24. Ne4 Rd5 25. Kc2 Rc7+ 26. Nc3 a6
27. Kd2 f5 28. Nxd5 Rd7 29. Nf6 Rd6 30. Ne8 Rb6 31. b4 Re6 32. Nc7 Rc6 33. Nd5
Rd6 34. Nf4 g5 35. Ne2 f4 36. f3 b5 37. g3 fxg3 38. hxg3 Rf6 39. Rxh7+ Kg8 40.
f4 gxf4 41. gxf4 Rc6 42. Nd4 Rf6 43. Ke3 Rg6 44. Ra7 Kf8 45. Bxg6 1-0

[Event "AUTO-INT-3564"]
[Site "http://www.queenalice.com/game.php?id=1620901"]
[Date "2020.7.19"]
[Round "1"]
[White "Piotr70"]
[Black "jeffcom2f"]
[Result "1-0"]
[WhiteElo "1472"]
[BlackElo "1640"]

1. e4 e5 2. Nc3 Nf6 3. Nf3 Nc6 4. Bb5 d6 5. d3 a6 6. Bxc6+ bxc6 7. O-O Bg4 8. h3
Bh5 9. Bg5 Be7 10. Bxf6 Bxf6 11. Qd2 O-O 12. d4 exd4 13. Nxd4 c5 14. Nc6 Qd7 15.
Qd5 Rfe8 16. Rfe1 Qe6 17. Qxh5 g6 18. Qg4 Qxg4 19. hxg4 Bg7 20. Rad1 h6 21. Nd5
Bxb2 22. Rb1 Bg7 23. Nxc7 Rac8 24. Nxe8 Rxe8 25. c4 Kh7 26. Rb7 h5 27. Rxf7 Kg8
28. Re7 Rxe7 29. Nxe7+ Kf8 30. Nxg6+ Kf7 31. gxh5 Bh6 32. e5 dxe5 33. Nxe5+ Kf6
34. Nd7+ Kf5 35. Nxc5 Bd2 36. Rd1 Bb4 37. h6 Kg6 38. Nxa6 Bc3 39. Rd6+ Kh7 40.
c5 1-0

[Event "AUTO-INT-3564"]
[Site "http://www.queenalice.com/game.php?id=1620916"]
[Date "2020.7.19"]
[Round "1"]
[White "Jomaley"]
[Black "Piotr70"]
[Result "1-0"]
[WhiteElo "1438"]
[BlackElo "1463"]

1. e4 e5 2. Nc3 Nc6 3. Na4 Nf6 4. Qf3 Bb4 5. Bc4 Nd4 6. Qd3 d5 7. Bb5+ Nc6 8. c3
dxe4 9. Qxd8+ Kxd8 10. cxb4 Nd4 11. b3 Nc2+ 12. Kf1 Nxa1 13. Bb2 Nc2 14. Ne2 Bg4
15. Nec3 c6 16. Be2 Nxb4 17. Bxg4 Nxg4 18. Nxe4 f6 19. h3 f5 20. Nd6 Nxf2 21.
Kxf2 Rf8 22. Nxb7+ Kd7 23. Bxe5 Nd3+ 24. Ke2 Nxe5 25. d4 Ng6 26. Nac5+ Ke7 27.
g3 f4 28. Kf3 Rf5 29. g4 Rd5 30. Ke4 Re8 31. b4 Kf7+ 32. Kd3 f3 33. Rf1 Ne5+ 34.
Kc3 g5 35. dxe5 Rexe5 36. Rxf3+ Kg6 37. Nd3 Re7 38. Na5 Rc7 39. a4 a6 40. Nf2 c5
41. Nb3 cxb4+ 42. Kxb4 h5 43. gxh5+ Kxh5 44. Rf6 1-0

[Event "AUTO-INT-3564"]
[Site "http://www.queenalice.com/game.php?id=1620917"]
[Date "2020.7.19"]
[Round "1"]
[White "Piotr70"]
[Black "Jomaley"]
[Result "0-1"]
[WhiteElo "1446"]
[BlackElo "1455"]

1. e4 e5 2. Nc3 c6 3. Nf3 Qf6 4. Bc4 d6 5. O-O Bg4 6. h3 Bxf3 7. Qxf3 Qxf3 8.
gxf3 Nd7 9. d3 b5 10. Bb3 a5 11. a4 b4 12. Ne2 Ngf6 13. Bg5 d5 14. Bxf6 Nxf6 15.
exd5 cxd5 16. d4 e4 17. fxe4 dxe4 18. Rad1 Bd6 19. c3 bxc3 20. bxc3 O-O 21. d5
g5 22. Nd4 Ra6 23. Bc4 Ra7 24. Nf5 Be5 25. Nh6+ Kg7 26. Ng4 Nxg4 27. hxg4 Rc8
28. Bb5 Rxc3 29. d6 Kg6 30. d7 Bf6 31. d8=Q Bxd8 32. Rxd8 Re7 33. Ra8 e3 34.
Rg8+ Kh6 35. f3 e2 36. Re1 Rxf3 37. Rxe2 Rxe2 38. Bxe2 Rg3+ 39. Kf2 Rxg4 40.
Bxg4 f5 41. Bxf5 g4 42. Ra8 g3+ 43. Kxg3 Kg5 0-1

[Event "AUTO-INT-3564"]
[Site "http://www.queenalice.com/game.php?id=1620928"]
[Date "2020.7.19"]
[Round "1"]
[White "Piotr70"]
[Black "Nuzzera"]
[Result "0-1"]
[WhiteElo "1487"]
[BlackElo "1575"]

1. e4 e5 2. Nc3 Nf6 3. Nf3 Bb4 4. a3 Bxc3 5. dxc3 Nxe4 6. Bd3 d5 7. O-O Bg4 8.
h3 Bh5 9. Qe2 Ng5 10. Bxg5 f6 11. Bd2 e4 12. Bxe4 dxe4 13. Qxe4+ Kf7 14. Qxb7
Bxf3 15. Qxf3 Na6 16. Rfe1 Qxd2 17. Re2 Qd7 18. Qb7 Nc5 19. Qb4 Qc6 20. Qc4+ Kf8
21. b4 Qa6 22. Qxc5+ Qd6 23. Qxd6+ cxd6 24. Rd1 Rd8 25. Re6 d5 26. Ra6 Rd7 27.
c4 d4 28. b5 Kf7 29. c5 Rd5 30. Rd6 Rxc5 31. a4 Rxc2 32. Rd7+ Kg6 33. R7xd4 h5
34. a5 Rb2 35. Rd5 Re8 36. R1d2 Rb1+ 37. Kh2 h4 38. Rd7 Ree1 39. g3 hxg3+ 0-1

[Event "AUTO-INT-3564"]
[Site "http://www.queenalice.com/game.php?id=1620929"]
[Date "2020.7.19"]
[Round "1"]
[White "Nuzzera"]
[Black "Piotr70"]
[Result "1-0"]
[WhiteElo "1587"]
[BlackElo "1475"]

1. e4 e5 2. Qh5 Nc6 3. Bc4 g6 4. Qf3 Nf6 5. b3 Bb4 6. Nh3 Nd4 7. Qd3 O-O 8. c3
d5 9. exd5 Bf5 10. Qxf5 Nxf5 11. cxb4 Nd4 12. Na3 c6 13. O-O cxd5 14. Bd3 Rc8
15. Bb2 Qd6 16. Nb1 Qxb4 17. Nc3 e4 18. a3 Qxb3 19. Rab1 exd3 20. Bc1 Qc4 21.
Rxb7 Ne2+ 22. Nxe2 dxe2 23. Re1 h6 24. Bb2 Ne4 25. f3 Nxd2 26. Rb4 Rfe8 27. Rxc4
Nxc4 28. Bd4 Nxa3 29. Nf4 Rc2 30. Kf2 Nb5 31. Bf6 a5 32. Nxe2 a4 33. Kf1 Re6 34.
Nd4 Nxd4 35. Bxd4 a3 36. Rd1 a2 37. Kg1 Ree2 38. g4 1-0

[Event "AUTO-INT-3756"]
[Site "http://www.queenalice.com/game.php?id=1790369"]
[Date "2022.6.7"]
[Round "1"]
[White "DAN1958"]
[Black "Piotr70"]
[Result "1-0"]
[WhiteElo "1513"]
[BlackElo "1466"]

1. e4 e5 2. Nf3 Nc6 3. d3 Nf6 4. h3 Bc5 5. Nbd2 O-O 6. c4 h6 7. g4 d6 8. a3 Be6
9. Qb3 b6 10. Be2 a5 11. Nb1 a4 12. Qc2 Ra5 13. b4 Nd4 14. Nxd4 Ra7 15. bxc5
dxc5 16. Nxe6 fxe6 17. Be3 c6 18. Nc3 b5 19. f3 b4 20. Nxa4 Qa5 21. Bd1 b3+ 22.
Qd2 Qxa4 23. Bxc5 Rd7 24. Bxf8 Rb7 25. Qb2 Kxf8 26. Rb1 c5 27. Bxb3 Qa5+ 28. Kd1
Qd8 29. Kc2 g5 30. Qxe5 Rd7 31. Qxc5+ Kg7 32. Rhd1 Rc7 33. Qe3 e5 34. a4 Qd4 35.
Qxd4 exd4 36. Ra1 Nd7 37. a5 Nc5 38. Rf1 Ra7 39. e5 Kf7 40. f4 gxf4 41. Rxf4+
Ke6 42. Rf6+ Ke7 43. Rxh6 Ra8 44. g5 Ne6 45. Rh7+ Ke8 46. g6 Kf8 47. Rh8+ 1-0

[Event "AUTO-INT-3756"]
[Site "http://www.queenalice.com/game.php?id=1790370"]
[Date "2022.6.7"]
[Round "1"]
[White "Piotr70"]
[Black "DAN1958"]
[Result "1-0"]
[WhiteElo "1443"]
[BlackElo "1514"]

1. e4 e5 2. Nc3 c6 3. Nf3 f6 4. Bc4 Ne7 5. O-O g5 6. h3 b5 7. Be2 Na6 8. d4 Ng6
9. dxe5 Nxe5 10. Nxe5 fxe5 11. Bh5+ Ke7 12. Bxg5+ Ke6 13. Qg4+ Kd6 14. Bxd8 Bb7
15. Bf6 Be7 16. Rad1+ Kc5 17. Bxe7+ d6 18. Qd7 Bc8 19. Qxd6+ Kb6 20. Nd5+ Ka5
21. Qa3# 1-0

[Event "AUTO-INT-3756"]
[Site "http://www.queenalice.com/game.php?id=1790393"]
[Date "2022.6.7"]
[Round "1"]
[White "Piotr70"]
[Black "Rocio"]
[Result "0-1"]
[WhiteElo "1463"]
[BlackElo "1371"]

1. e4 e5 2. Nc3 Bc5 3. Nf3 Nc6 4. Bc4 Nf6 5. O-O Ng4 6. h3 Nxf2 7. Qe2 Nxh3+ 8.
Kh1 Nf4 9. Bxf7+ Kxf7 10. Qc4+ Ne6 11. Nxe5+ Ke7 12. Rf7+ Ke8 13. d4 Qh4+ 14.
Kg1 Bxd4+ 15. Kf1 Nxe5 16. Qxc7 Nxc7 17. Rxg7 Qf2# 0-1

[Event "AUTO-INT-3756"]
[Site "http://www.queenalice.com/game.php?id=1790394"]
[Date "2022.6.7"]
[Round "1"]
[White "Rocio"]
[Black "Piotr70"]
[Result "1-0"]
[WhiteElo "1423"]
[BlackElo "1452"]

1. e4 e5 2. Nf3 Nc6 3. Nc3 Nf6 4. Bc4 d5 5. exd5 Bb4 6. Na4 O-O 7. c3 e4 8. cxb4
exf3 9. Qxf3 Nxb4 10. O-O Nc2 11. Rb1 Nd4 12. Qd3 Nf5 13. h3 h6 14. d6 Qxd6 15.
Qxd6 cxd6 16. b4 d5 17. Bd3 Nd4 18. Re1 b5 19. Nc5 Bf5 20. Re3 Bxd3 21. Rxd3
Ne2+ 22. Kf1 Rfe8 23. Bb2 Rac8 24. Nb3 Nf4 25. Rf3 Ne6 26. Na5 Rc2 27. Be5 Ne4
28. Nb3 Rxa2 29. Rd3 Rc2 30. Rxd5 a6 31. d3 Nxf2 32. g3 Nxh3 33. Ke1 Rd8 34.
Rxd8+ Nxd8 35. Nd4 Rf2 36. Rc1 Ne6 37. Ne2 Rf5 38. Bb2 Rf3 39. Rc8+ Kh7 40. Nc3
Rxg3 41. Ne4 Rxd3 42. Ke2 Rb3 43. Be5 Rxb4 44. Nd6 Re4+ 45. Nxe4 1-0

[Event "Challenge"]
[Site "http://www.queenalice.com/game.php?id=1791101"]
[Date "2022.6.18"]
[Round "-"]
[White "Piotr70"]
[Black "TammieM3ENF"]
[Result "1-0"]
[WhiteElo "1462"]
[BlackElo "1164"]

1. e4 e5 2. Nf3 Bd6 3. Nc3 Nf6 4. Bc4 O-O 5. O-O Qe7 6. h3 c6 7. d3 c5 8. Bg5 h6
9. Bxf6 Qxf6 10. Nd5 Qd8 11. a3 a6 12. c3 b5 13. Bb3 a5 14. a4 c4 15. dxc4 bxc4
16. Bc2 Ra6 17. b3 Nc6 18. b4 axb4 19. cxb4 Be7 20. b5 Ra7 21. bxc6 dxc6 22.
Nxe5 Bd6 23. Nxc4 cxd5 24. exd5 Rc7 25. Nb6 Bb7 26. Qd3 g6 27. Rfe1 f5 28. a5 g5
29. Re6 Bc5 30. Rg6+ Rg7 31. Rxh6 Rg6 32. Rxg6+ Kf7 33. Qxf5+ Ke7 34. Qe6# 1-0